000 00596nam a2200205Ia 4500
001 14999
003 GE_BSU
008 181216s||||||||xx |||||||||||||| ||und||
040 _cGE_BSU
080 _a51(09)
100 _aБурбаки,Н.
245 _aОчерки по истории математики
245 _cПод.ред.К.А.Рыбникова
260 _aМосква
260 _bИзд-во Иностранной литературы
260 _c1963
300 _a292стр.22см.
653 _aОчерки по истории математики
942 _cBK
999 _c48118
_d48118